| 000 | 01795cam a2200445 i 4500 | ||
|---|---|---|---|
| 001 | BK0021786103 | ||
| 005 | 20230831153105.0 | ||
| 008 | 180924s2018 nyua j 6 000 0 eng d | ||
| 010 | _abl2018186620 | ||
| 020 |
_a9781626721418 : PAP _c12.99 |
||
| 020 |
_a1626721416 : PAP _c12.99 _qpbk. |
||
| 037 |
_bFirst Second, C/O Mps 16365 James Madison Hwy, Gordonsville, VA, USA, 22942, (888)3308477 _nSAN 631-5011 |
||
| 040 |
_aNjBwBT _beng _cNjBwBT _erda _dNjBwBT |
||
| 050 | 1 | 4 |
_aQB501.3 _b.M67 2018 |
| 082 | 0 | 4 |
_a523.4 _223 |
| 092 | _a523.4000 | ||
| 100 | 1 |
_aMosco, Rosemary, _eauthor, _eartist. _96378057 |
|
| 245 | 1 | 0 |
_aSolar system : _bour place in space / _cRosemary Mosco and Jon Chad ; with color by Luke Healy. |
| 250 | _aFirst edition. | ||
| 264 | 1 |
_aNew York, NY : _bFirst Second, _c2018. |
|
| 300 |
_a116 pages : _bcolor illustrations ; _c22 cm. |
||
| 336 | _atext | ||
| 336 | _astill image | ||
| 337 | _aunmediated | ||
| 338 | _avolume | ||
| 490 | 1 | _aScience comics | |
| 500 | _aChiefly illustrations. | ||
| 520 | _aSara, Jill and their pets explore the science and characteristics of the solar system, describing the sun and each of the planets. | ||
| 651 | 0 |
_aSolar system _vJuvenile literature. _95693134 |
|
| 651 | 0 |
_aSolar system _vComic books, strips, etc. _96434070 |
|
| 650 | 0 |
_aPlanets _vJuvenile literature. _95717187 |
|
| 650 | 0 |
_aPlanets _vComic books, strips, etc. _96472803 |
|
| 655 | 0 | _aGraphic novels. | |
| 651 | 1 |
_aSolar system _vCartoons and comics. _96472804 |
|
| 650 | 1 |
_aPlanets _vCartoons and comics. _96472805 |
|
| 650 | 1 | _aGraphic novels. | |
| 700 | 1 |
_aChad, Jon, _eauthor, _eartist. _96428663 |
|
| 700 | 1 |
_aHealy, Luke, _eartist. _96434074 |
|
| 830 | 0 |
_aScience comics (First Second (Firm)). _95960510 |
|
| 999 |
_c367732 _d367732 |
||